Pedagógiai nyári egyetem
Elmentve itt :
| Dokumentumtípus: | Cikk |
|---|---|
| Megjelent: |
2000-07-08
|
| Sorozat: | Délmagyarország
90 No. 158 |
| Kulcsszavak: | Nyári egyetem, pedagógiai |
| Online Access: | http://dmarchiv.bibl.u-szeged.hu/80927 |
| LEADER | 00409nab a2200145 i 4500 | ||
|---|---|---|---|
| 001 | delm80927 | ||
| 005 | 20191028154403.0 | ||
| 008 | 191028s2000 hu o 0|| hun d | ||
| 040 | |a SZTE Délmagyarország Archívum |b hun | ||
| 041 | |a hun | ||
| 245 | 0 | 0 | |a Pedagógiai nyári egyetem |h [elektronikus dokumentum] |
| 260 | |c 2000-07-08 | ||
| 300 | |a 8 | ||
| 490 | 0 | |a Délmagyarország |v 90 No. 158 | |
| 695 | |a Nyári egyetem, pedagógiai | ||